Osamelý pútnik

Bibliographic Details
Main Authors: J.K (Author), Kiška, Juraj (Author)
Format: Article
Language:Slovak
PhysicalDescription:Fot. 1.
Subjects:

MARC

LEADER 00000nab a2200000 a 4500
001 vtls000337300
003 SK-MaSNL
005 20260303235958.0
008 140423c1988 xo 0 slo
015 |a SNBRB19rr/mm-uuuuu 
035 |a CL0337422 
040 |a SNKBUCL  |b slo  |c SNKBUCL  |e AACR2 
041 0 |a slo 
044 |a xo  |c SK 
080 |a 82:929:820 (73)  |2 1981 
080 |a 929  |2 1981 
080 |a 820 (73)  |2 1981 
080 |a 929 Kerouac, Jack  |2 1981 
080 |a 82(091)  |2 1981 
080 |a 820 (73)"19"  |2 1981 
080 |a 820 (73)(091)"19"  |2 1981 
100 1 |a J.K.  |4 aut  |9 303371 
245 1 0 |a Osamelý pútnik  |c J.K. ; Juraj Kiška, Jack Kerouac 
300 |b Fot. 1. 
600 1 7 |a Kerouac, Jack,  |d 1922-1969  |2 snkbucl  |9 224466 
655 7 |a články z novín a časopisov  |2 snkbucl  |9 267496 
655 7 |a články z odboru literárna veda a krásna literatúra  |2 snkbucl  |9 770045 
700 1 |a Kiška, Juraj  |4 aut  |9 277305 
773 0 |t Revue svetovej literatúry  |g Roč. 24, č. 7 (1988), s. 23-24 
850 |a Slovenská národná knižnica v Martine  |a MTA001 
852 |a SNK  |b KIS3GCP 
958 |a RK 
958 |a LX 
999 |c 2528813  |d 2530743